Coastal and deep ocean pollution / (Record no. 2804)
[ view plain ]
| 000 -LEADER | |
|---|---|
| fixed length control field | 01969nam a2200313 a 4500 |
| 006 - FIXED-LENGTH DATA ELEMENTS--ADDITIONAL MATERIAL CHARACTERISTICS--GENERAL INFORMATION | |
| fixed length control field | m |o go|ad |
| 007 - PHYSICAL DESCRIPTION FIXED FIELD--GENERAL INFORMATION | |
| fixed length control field | cr ||||||||||| |
| 008 - FIXED-LENGTH DATA ELEMENTS--GENERAL INFORMATION | |
| fixed length control field | 210211s2020 flua ob 001 0 eng d |
| 020 ## - INTERNATIONAL STANDARD BOOK NUMBER | |
| International Standard Book Number | 9780203704271 (ebk) |
| 040 ## - CATALOGING SOURCE | |
| Original cataloging agency | IMU Kochi Library |
| Language of cataloging | eng |
| 041 0# - LANGUAGE CODE | |
| Language code of text/sound track or separate title | eng |
| 044 ## - COUNTRY OF PUBLISHING/PRODUCING ENTITY CODE | |
| MARC country code | Florida |
| 082 04 - DEWEY DECIMAL CLASSIFICATION NUMBER | |
| Classification number | 363.7394 |
| Edition number | 23 |
| 245 00 - TITLE STATEMENT | |
| Title | Coastal and deep ocean pollution / |
| 264 #1 - Production, Publication, Distribution, Manufacture, and Copyright Notice | |
| Place of production, publication, distribution, manufacture | Boca Raton, FL : |
| Name of producer, publisher, distributor, manufacturer | CRC Press, |
| Date of production, publication or copyright notice | 2020 |
| 300 ## - PHYSICAL DESCRIPTION | |
| Extent | 1 online resource. |
| 504 ## - BIBLIOGRAPHY, ETC. NOTE | |
| Bibliography, etc | Includes bibliographical references and index. |
| 520 ## - SUMMARY, ETC. | |
| Summary, etc | During the recent decades, social, political and academic endeavours have been made to improve environmental quality and reduce pollution. In particular, the ocean, sea and coastal areas show varying degrees of impact from the multiple human activities carried out in the terrestrial as well as in the aquatic environment. Ecology is a science which studies the relationship between organisms and the surrounding environment and in the modern era, the marine world is getting increasing attention. For centuries it has been the final reservoir of human garbage; later it became an oil farm with a concomitant increase of coastal population growth and unplanned growth of the fishing industry and the increasing use of sea routes for cargo transport and recreational uses (cruises). All this led to rising contamination with negative effects on biota and even human health. It is then imperative to know the current situation of the world's oceans: that is the main purpose of this book, to document at a glance the latest research in the field of ocean pollution. |
| 650 #0 - SUBJECT ADDED ENTRY--TOPICAL TERM | |
| Topical term or geographic name as entry element | Marine pollution. |
| 650 #0 - SUBJECT ADDED ENTRY--TOPICAL TERM | |
| Topical term or geographic name as entry element | Marine resources conservation. |
| 650 #0 - SUBJECT ADDED ENTRY--TOPICAL TERM | |
| Topical term or geographic name as entry element | Marine ecology. |
| 700 1# - ADDED ENTRY--PERSONAL NAME | |
| Personal name | Arias, Andres Hugo, |
| Relator term | Editor |
| 700 1# - ADDED ENTRY--PERSONAL NAME | |
| Personal name | Botte, Sandra Elizabeth, |
| Relator term | Editor |
| 852 ## - LOCATION/CALL NUMBER | |
| Location | IMU Kochi Library |
| 856 40 - ELECTRONIC LOCATION AND ACCESS | |
| Uniform Resource Identifier | <a href="http://www.taylorfrancis.com/books/9780203704271">http://www.taylorfrancis.com/books/9780203704271</a> |
| 904 ## - LOCAL DATA ELEMENT D, LDD (RLIN) | |
| CATALOGER | Rudra Ranjan |
| 905 ## - LOCAL DATA ELEMENT E, LDE (RLIN) | |
| VERIFIER | Rudra Ranjan |
| 942 ## - ADDED ENTRY ELEMENTS (KOHA) | |
| Item type | E-Book |
No items available.